Starts With V, Ends With N Quiz Stats

Quiz Updated Apr 24, 2015

Also try: Click the -ATION
Challenge
Share
Tweet
Embed
Score 0/25 Timer 04:00
0 Plays Today
% Correct
violin
95.9%
vegetarian
95.6%
vision
95.1%
vandalization
94%
visitation
93.6%
villain
93.2%
venison
92.3%
vein
92%
vitamin
91.8%
vixen
91.3%
vermin
90.5%
variation
89.1%
veteran
89%
% Correct
vocation
88.2%
vain
87.8%
violation
86.7%
vexation
85.2%
vasodilation
83.3%
vulcanization
80.5%
volution
79.3%
vermilion
77.6%
vuln
61.5%
viridian
53.8%
valerian
48.4%
vesuvian
37.4%

You're not logged in!

Compare scores with friends on all Sporcle quizzes.
Sign Up with Email
OR
Log In

You Might Also Like...

Show Comments

Extras

Top Quizzes Today


Score Distribution

Your Account Isn't Verified!

In order to create a playlist on Sporcle, you need to verify the email address you used during registration. Go to your Sporcle Settings to finish the process.